| 000 | 01007nam0a2200301 i 4500 | ||
|---|---|---|---|
| 001 | RU\NLR\BIBL_A\011397437 | ||
| 005 | 20260406123006.0 | ||
| 010 |
_a9785171015695 _92000 |
||
| 021 |
_aRU _b2017-33982 _92497 |
||
| 035 | _a(RuMoRGB)008889939 | ||
| 035 | _a(NLR Aleph) 011397437 | ||
| 090 |
_a11487735 _c11487735 |
||
| 100 | _a20170601d2017 um y0rusy50 ca | ||
| 101 | 1 |
_arus _aeng |
|
| 102 | _aRU | ||
| 105 | _ay|||z|||000ay | ||
| 200 | 1 |
_aНевольница любви _e[роман ] _fБертрис Смолл _g[перевод с английского Т. А. Перцевой] |
|
| 210 |
_aМосква _cАСТ _d2017 |
||
| 215 |
_a350, [1] с. _d21 |
||
| 225 | 1 | _aСерия "Гарем Бертрис Смолл" | |
| 333 | _a16+ | ||
| 686 |
_aШ5(7США)64-644 _2rubbk |
||
| 686 | 1 | _aШ6(7США)67-440.4(Лх1979-50) | |
| 700 | 1 |
_7ca _8rus _aСмолл _bБ. _f1937-2015 _gБертрис _3RU\NLR\AUTH\77816 _9110856 |
|
| 942 | _cBOOK | ||
| 980 | _aNBR | ||